|
|
|
|
| LEADER |
00000nab a2200000 a 4500 |
| 001 |
vtls008415926 |
| 003 |
SK-MaSNL |
| 005 |
20260319071311.0 |
| 008 |
140416c2005 xo 0 eng |
| 015 |
|
|
|a SNBCL2005/5
|
| 035 |
|
|
|a SLK033069
|
| 040 |
|
|
|a SLKCL
|b slo
|c SNKBUCL
|e AACR2
|
| 041 |
1 |
|
|a eng
|
| 044 |
|
|
|a xo
|c SK
|
| 080 |
|
|
|a 582:575.113:507
|2 1981
|
| 100 |
1 |
|
|a Uhrin, Stanislav
|4 aut
|9 22908
|
| 245 |
1 |
0 |
|a A new locality of Typha shuttleworthii in Slovakia
|c Stanislav Uhrin, František Bača
|
| 300 |
|
|
|b Obr., tab.
|
| 504 |
|
|
|a Bibliogr. odkazy
|
| 650 |
0 |
7 |
|a rastliny
|x klasifikácia
|2 MESH
|9 1066857
|
| 650 |
0 |
7 |
|a špecifickosť druhová
|2 MESH
|9 855823
|
| 650 |
0 |
7 |
|a porovnávacia anatómia
|2 MESH
|9 2597
|
| 650 |
0 |
7 |
|a klasifikácia
|x metódy
|2 MESH
|9 846513
|
| 650 |
0 |
7 |
|a ekológia
|2 MESH
|9 785
|
| 700 |
1 |
|
|a Bača, František
|4 aut
|u Piešťany
|9 401383
|
| 773 |
0 |
|
|t Biologia
|g Vol. 60, no. 1, Botany (2005), p. 105
|x 0006-3088
|
| 850 |
|
|
|a Slovenská lekárska knižnica v Bratislave
|a BA006
|
| 852 |
|
|
|a BA006
|b KIS3GCP
|b 000500000
|
| 999 |
|
|
|c 1753560
|d 1755490
|